000 01001nmm a2200289 a 4500
001 ocm0001916621
003 TR-IsHL
005 20201028173959.0
008 180921s2018 tu tur
007 cr cn
020 _a9789752441002
035 _a1916621
_b(N$T)
050 0 4 _aBF637.S8
_bE74 2018
090 0 4 _aBF637.S8
_bE74 2018
100 1 _aErdoğan, Abdullatif
245 1 0 _aNasıl başarırsın ?: Değerlerini hedefleriyle buluşturanlar başarılı oldular
_h[electronic resource] /
_cAbdullatif Erdoğan ; editör Lilay Koradan
250 _a1. Baskı
260 _aİstanbul :
_bAZ Kitap,
_c2018
300 _a272 p.
650 4 _aGenel Çalışmalar
650 4 _aGeneral Works
650 0 _aKişisel gelişim
_x Başarı
650 0 _aPersonal development
_x Success
650 7 _aSELF-HELP / Personal Growth / Success
_2bisacsh
700 1 _aKoradan, Lilay
856 4 0 _uhttp://search.ebscohost.com/login.aspx?direct=true&scope=site&db=e011xww&AN=1916621
999 _c17969
_d17969